Osobnost učitele tělesné výchovy : Sborník prací ze 7.mezinárodní vědecké konference

Guardado en:
Detalles Bibliográficos
Formato: Libro
Lenguaje:checo
Publicado: Olomouc : Univerzita Palackého v Olomouci, 1981
Materias:
Etiquetas: Agregar Etiqueta
Sin Etiquetas, Sea el primero en etiquetar este registro!

MARC

LEADER 00000nam a22000003a 4500
001 stu40238
005 20150408180603.5
008 930407s1981----cs------------------cze-d
040 |a STU  |b slo 
041 0 |a cze 
044 |a cs 
080 |a 796-051(082) 
245 |a Osobnost učitele tělesné výchovy :  |b Sborník prací ze 7.mezinárodní vědecké konference 
260 |a Olomouc :  |b Univerzita Palackého v Olomouci,  |c 1981 
300 |a 594 s 
650 7 |a výchova telesná  |2 stusub 
650 7 |a učiteľ  |2 stusub 
650 7 |a zborníky  |2 stusub 
996 |b 284M015001  |c M*2759-1  |l MMKN  |s A  |a 24  |w stu40238_0001